LEADER 00821nam2-22003131i-450- 001 990000901310403321 005 20001010 035 $a000090131 035 $aFED01000090131 035 $a(Aleph)000090131FED01 035 $a000090131 100 $a20001010d--------km-y0itay50------ba 101 0 $aita 105 $ay-------001yy 200 1 $aVol. II 210 $aParis$cDunod$d1971. 215 $ap.150$dill.$dcm 24 461 0$1001000088270$12001$aTechnologia et University Stabilite des Construction$v2 610 0 $aElementi strutturali 700 1$aGeminard,$bL.$040709 702 1$aGiet,$bA. 801 0$aIT$bUNINA$gRICA$2UNIMARC 901 $aBK 912 $a990000901310403321 952 $a000090131000001$fIINTC 959 $aIINTC 996 $aVol. II$9357740 997 $aUNINA DB $aING01 LEADER 01532nam 2200433zu 450 001 9910702840703321 005 20210807004406.0 035 $a(CKB)3390000000045534 035 $a(SSID)ssj0000630961 035 $a(PQKBManifestationID)12252517 035 $a(PQKBTitleCode)TC0000630961 035 $a(PQKBWorkID)10590454 035 $a(PQKB)10019752 035 $a(OCoLC)469059508 035 $a(EXLCZ)993390000000045534 100 $a20160829d2011 uy 101 0 $aeng 135 $aurbn||||||||| 181 $ctxt 182 $cc 183 $acr 200 10$aScouting, Signaling, and Gatekeeping: Chinese naval operations in Japanese waters and the international law Implications 210 31$a[Place of publication not identified]$cGeneral Books LLC$d2011 215 $a1 online resource (32 pages)$cmaps 225 1 $aChina mariitme studies ;$vno. 2 300 $aBibliographic Level Mode of Issuance: Monograph 320 $aIncludes bibliographical references (pages 27-32). 517 $aScouting, Signaling, and Gatekeeping 606 $aLaw of the sea$zChina 606 $aNavies$zChina 615 0$aLaw of the sea 615 0$aNavies 700 $aU.S. Government$01351547 712 02$aNaval War College (U.S.).$bChina Maritime Studies Institute. 801 0$bPQKB 906 $aBOOK 912 $a9910702840703321 996 $aScouting, Signaling, and Gatekeeping: Chinese naval operations in Japanese waters and the international law Implications$93120572 997 $aUNINA